00393nam a22001337a 450000500170000000800410001704100130005808200130007110000130008424501010009726000090019830000270020765000250023420231121142114.0231121b |||||||| |||| 00| 0 eng d aEnglish  a342 REP  lEnglish  aReport of the Office of the Attorney-General for the period of 21st March 1995 - 31st March 1997 c1997 b33 pages ; c30,4 cm.  aLegal practice bLaw